[Event "SEMI ECT 4-B email"]
[Site "SEMI email"]
[Date "2000.??.??"]
[Round "?"]
[White "Waldirson, Coelho"]
[Black "Warren, Dennis R"]
[Result "1-0"]
[WhiteElo "1000"]
[BlackElo "1646"]
[PlyCount "97"]
[EventDate "2000.04.??"]
[EventType "tourn (corr)"]
[EventRounds "8"]
[EventCountry "ITA"]
[SourceTitle "Corr 2008"]
[Source "ChessBase"]
[SourceDate "2008.06.24"]
[SourceVersion "1"]
[SourceVersionDate "2008.06.24"]
[SourceQuality "1"]

1. e4 c5 2. Bc4 Nc6 3. d3 e6 4. Nc3 Nf6 5. Bg5 Be7 6. Nf3 0-0 7. 0-0 Nxe4 8. Nxe4 d5 9. Bxe7 Qxe7 10. Bb5 dxe4 11. dxe4 Rd8 12. Qe2 Nd4 13. Nxd4 cxd4 14. f4 a6 15. Bd3 Qb4 16. Rab1 Qa5 17. Qe1 Qxe1 18. Rbxe1 b6 19. Kf2 Bb7 20. e5 Rd5 21. Be4 Rd7 22. Bxb7 Rxb7 23. Re2 Rd7 24. Rd1 Rd5 25. g4 Kf8 26. Kf3 Ke7 27. Ke4 Rad8 28. g5 h6 29. gxh6 gxh6 30. Rd3 f5+ 31. exf6+ Kxf6 32. Red2 Rc8 33. Rxd4 Rxd4+ 34. Kxd4 Kf5 35. Rf2 b5 36. b3 b4 37. Re2 h5 38. Rf2 h4 39. a4 bxa3 40. c4 Kg4 41. Ke5 Rb8 42. c5 Rxb3 43. c6 Rc3 44. Kd6 Kf5 45. c7 Rd3+ 46. Kc6 Rc3+ 47. Kb7 Rb3+ 48. Kxa6 Rc3 49. Kb7 1-0